000 00742nam a22002297a 4500
005 20170124110200.0
010 _aA-423372
020 _c00.00
035 _aA-423372
037 _bCen Lib/Ret
040 _aDPL
_bEN
082 _a020
_bSUB
100 _aSubedi, Madhusudan Sharma
_935867
245 _aFundamentals of library and information science /
_cby Madhusudan Sharma Subedi
260 _aJaipur
_bNirala Publications
_c1990
270 _aG. P. O. Box 394 Nawab Ka Chauraha, Ghat Gate
_bJaipur
_e302001
300 _a208p.
_c21cm(Hb)
500 _aIncludes bibliographical references
650 _aInformation science
_935868
650 _aLibrary science -- Nepal
_935869
942 _2ddc
_cEN
_h020
_mSUB
999 _c132829
_d132829